[Event "Challenge"]
[Site "http://www.queenalice.com/game.php?id=372055"]
[Date "2008.3.16"]
[Round "-"]
[White "jvjunqueira"]
[Black "Magogue"]
[Result "1-0"]
[WhiteElo "1937"]
[BlackElo "1843"]

1. e4 e5 2. Nf3 Nc6 3. a3 a6 4. Nc3 d6 5. Bc4 Be7 6. d3 h6 7. Be3 Nf6 8. h3 O-O
9. O-O Na5 10. Qd2 Nxc4 11. dxc4 Kh7 12. Rad1 b6 13. Qe2 Bb7 14. b4 Nxe4 15.
Nxe4 Bxe4 16. Nxe5 f6 17. Ng4 f5 18. Nh2 g5 19. Qh5 f4 20. Bd4 Bf6 21. Bxf6 Qxf6
22. Rde1 Bxc2 23. Ng4 Qg6 24. Re7+ Kg8 25. Nxh6+ 1-0

[Event "Challenge"]
[Site "http://www.queenalice.com/game.php?id=372058"]
[Date "2008.3.16"]
[Round "-"]
[White "jvjunqueira"]
[Black "rob0330"]
[Result "1-0"]
[WhiteElo "1940"]
[BlackElo "1754"]

1. e4 e5 2. Nf3 Nc6 3. Nc3 f5 4. exf5 Nf6 5. Bd3 d5 6. Bb5 Bd7 7. O-O Bc5 8. Re1
e4 9. d4 Bb4 10. Bd2 O-O 11. Ng5 h6 12. Bxc6 bxc6 13. Nh3 Bxf5 14. a3 Bxc3 15.
Bxc3 Bxh3 16. gxh3 Qd7 17. Kg2 Qf5 18. Qd2 Nh5 19. Re3 Nf4+ 20. Kf1 Nxh3 21. Kg2
Nxf2 22. Rf1 Qg5+ 23. Rg3 e3 24. Qxe3 Ne4 25. Rxg5 1-0

[Event "AUTO-OPEN-1057"]
[Site "http://www.queenalice.com/game.php?id=372093"]
[Date "2008.3.16"]
[Round "1"]
[White "jvjunqueira"]
[Black "rodantero"]
[Result "0-1"]
[WhiteElo "1859"]
[BlackElo "2152"]

1. e4 c5 2. Nf3 d6 3. Nc3 Nc6 4. Bc4 e6 5. O-O Be7 6. d3 Nf6 7. Be3 d5 8. exd5
exd5 9. Bxd5 Nxd5 10. Nxd5 Qxd5 11. Re1 O-O 12. h3 Bf5 13. Qd2 Bxh3 14. gxh3
Qxf3 15. Qe2 Qxh3 16. Qf1 Qf5 0-1

[Event "AUTO-OPEN-1057"]
[Site "http://www.queenalice.com/game.php?id=372094"]
[Date "2008.3.16"]
[Round "1"]
[White "rodantero"]
[Black "jvjunqueira"]
[Result "1-0"]
[WhiteElo "2213"]
[BlackElo "1771"]

1. e4 e5 2. Nf3 d6 3. d4 exd4 4. Nxd4 Nf6 5. Nc3 Qe7 6. Bd3 Bd7 7. O-O Nc6 8.
Nxc6 Bxc6 9. Nd5 Bxd5 10. exd5 O-O-O 11. Re1 Qd7 12. c4 Be7 13. Qc2 Kb8 14. Bf5
Qe8 15. Qe2 Ng8 16. Bg5 f6 17. Bd2 Qf8 18. Be3 g6 19. Be6 f5 20. Bxg8 Qxg8 21.
Bd4 Re8 22. Bxh8 Qxh8 23. Qe6 Qf8 24. Qd7 a6 25. Re6 Qh8 26. Rb1 Qf8 27. Rbe1
1-0

[Event "AUTO-OPEN-1057"]
[Site "http://www.queenalice.com/game.php?id=372095"]
[Date "2008.3.16"]
[Round "1"]
[White "jvjunqueira"]
[Black "LeroyGreat"]
[Result "0-1"]
[WhiteElo "1809"]
[BlackElo "1803"]

1. e4 Nf6 2. e5 Nd5 3. d4 d6 4. Bc4 Nb6 5. Bd3 dxe5 6. dxe5 g6 7. Be3 Bg7 8. Nf3
Nd5 9. Qd2 Bg4 10. Nc3 Bxf3 11. gxf3 Bxe5 12. Be4 Bxc3 13. bxc3 c6 14. Bd4 O-O
15. Qh6 Nf6 16. O-O-O Qa5 17. Kb1 e5 18. Qg5 Qb5+ 19. Kc1 exd4 20. Qxf6 dxc3 21.
Qxc3 Qg5+ 22. Qd2 Qxd2+ 23. Rxd2 Na6 24. Rg1 Rad8 25. Bd3 Nc5 26. Rgd1 Nxd3+ 27.
Rxd3 Rxd3 28. Rxd3 f5 29. Kd2 Kg7 30. Rd7+ Rf7 31. Rxf7+ Kxf7 32. Ke3 Ke6 33. f4
Kd5 34. Kd3 b5 35. c3 c5 36. Kc2 Ke4 0-1

[Event "AUTO-OPEN-1057"]
[Site "http://www.queenalice.com/game.php?id=372096"]
[Date "2008.3.16"]
[Round "1"]
[White "LeroyGreat"]
[Black "jvjunqueira"]
[Result "1-0"]
[WhiteElo "1769"]
[BlackElo "1871"]

1. e4 e5 2. Nf3 d6 3. d4 exd4 4. Nxd4 Be7 5. Nc3 Nf6 6. Bc4 O-O 7. O-O Bd7 8. h3
Nc6 9. Be3 Na5 10. Be2 Nc6 11. f4 Re8 12. g4 h6 13. g5 hxg5 14. fxg5 Nh7 15. Bc4
Ne5 16. Bxf7+ Nxf7 17. g6 Nfg5 18. gxh7+ Nxh7 19. Qh5 Rf8 20. Rxf8+ Qxf8 21. Nd5
Nf6 22. Nxf6+ Qxf6 23. Rf1 Qh4 24. Qf7+ Kh8 25. Qg6 Bxh3 26. Nf5 Bxf5 27. Rxf5
Qe1+ 28. Kg2 Qxe3 29. Rh5+ Kg8 30. Qe6+ 1-0

[Event "Challenge"]
[Site "http://www.queenalice.com/game.php?id=372330"]
[Date "2008.3.17"]
[Round "-"]
[White "jvjunqueira"]
[Black "Gera"]
[Result "1-0"]
[WhiteElo "1920"]
[BlackElo "2016"]

1. e4 c5 2. Nf3 Nc6 3. Nc3 a6 4. Bc4 d6 5. Ng5 Ne5 6. d3 Nxc4 7. dxc4 e6 8. O-O
Be7 9. Nf3 Nf6 10. Qe2 O-O 11. Be3 Ng4 12. h3 Nxe3 13. Qxe3 b6 14. Rad1 Bb7 15.
e5 f6 16. exd6 Bxf3 17. dxe7 Qxe7 18. Qxf3 Rfd8 19. Rxd8+ Rxd8 20. Rd1 Rxd1+ 21.
Qxd1 Kf7 22. a3 Qc7 23. Qh5+ Kg8 24. Qe8# 1-0

[Event "Challenge"]
[Site "http://www.queenalice.com/game.php?id=374165"]
[Date "2008.3.20"]
[Round "-"]
[White "debia"]
[Black "jvjunqueira"]
[Result "1-0"]
[WhiteElo "1643"]
[BlackElo "1793"]

1. d4 d5 2. Nc3 Nc6 3. Nf3 Nf6 4. Bg5 Bf5 5. Nh4 e6 6. Nb5 a6 7. Nc3 h6 8. Bf4
Nh5 9. Nxf5 Nxf4 10. Ne3 Bd6 11. g3 Ng6 12. Bh3 O-O 13. a3 Qf6 14. O-O Nxd4 15.
Ng4 Nxe2+ 16. Qxe2 Qd4 17. Rad1 Qb6 18. Na4 Qc6 19. Nc3 e5 20. Nxd5 Rfd8 21. Bg2
Qa4 22. Be4 Rf8 23. Nc3 Qa5 24. Rd5 Qb6 25. Na4 Qa7 26. Kh1 Ne7 27. Nf6+ gxf6
28. Qg4+ Kh8 29. Qh5 f5 30. Qxh6+ Kg8 31. Qg5+ Kh8 32. Qh6+ Kg8 33. Rd3 fxe4 34.
Rc3 Qd4 35. g4 Qxa4 36. Rh3 1-0

[Event "Challenge"]
[Site "http://www.queenalice.com/game.php?id=375470"]
[Date "2008.3.23"]
[Round "-"]
[White "jvjunqueira"]
[Black "KLEOJ"]
[Result "0-1"]
[WhiteElo "1955"]
[BlackElo "2030"]

1. e4 d5 2. exd5 Nf6 3. Nc3 Nxd5 4. Nxd5 Qxd5 5. Nf3 Bg4 6. Be2 Nc6 7. h3 Bh5 8.
O-O O-O-O 9. d3 e5 10. c4 Qd7 11. Be3 Be7 12. Qb3 f6 13. Rfe1 g5 14. Nd2 Bxe2
15. Rxe2 Qxd3 16. Qxd3 Rxd3 17. Rc1 f5 0-1

[Event "Challenge"]
[Site "http://www.queenalice.com/game.php?id=377757"]
[Date "2008.3.27"]
[Round "-"]
[White "jvjunqueira"]
[Black "KLEOJ"]
[Result "0-1"]
[WhiteElo "1942"]
[BlackElo "2043"]

1. e4 d5 2. e5 c5 3. d4 cxd4 4. Qxd4 Nc6 5. Qf4 e6 6. Bd3 Bc5 7. Nf3 Nge7 8. O-O
Ng6 9. Bxg6 hxg6 10. Bd2 Bd7 11. Nc3 Qe7 12. Nb5 O-O-O 0-1

[Event "AUTO-ADV-860"]
[Site "http://www.queenalice.com/game.php?id=381281"]
[Date "2008.4.3"]
[Round "1"]
[White "jvjunqueira"]
[Black "Toru"]
[Result "0-1"]
[WhiteElo "1820"]
[BlackElo "1951"]

1. e4 c5 2. Nf3 d6 3. Bc4 e6 4. Nc3 a6 5. O-O b5 6. Be2 Bb7 7. d3 Be7 8. a3 Nc6
9. Be3 Nf6 10. h3 Nd4 11. Nxd4 cxd4 12. Bxd4 O-O 13. Qd2 Rc8 14. Bf3 Nd7 15. Bg4
Nf6 16. Bxf6 Bxf6 17. d4 Qb6 18. d5 Bxc3 19. bxc3 f5 20. Bf3 e5 21. Rab1 f4 0-1

[Event "AUTO-ADV-860"]
[Site "http://www.queenalice.com/game.php?id=381282"]
[Date "2008.4.3"]
[Round "1"]
[White "Toru"]
[Black "jvjunqueira"]
[Result "1-0"]
[WhiteElo "1939"]
[BlackElo "1832"]

1. d4 d5 2. c4 e6 3. Nf3 dxc4 4. e4 Nf6 5. Bg5 Be7 6. Nc3 h6 7. Bxf6 Bxf6 8.
Bxc4 O-O 9. e5 Bg5 10. O-O b6 11. Ne4 Bb7 12. Nexg5 hxg5 13. h3 Ba6 14. Bxa6
Nxa6 15. Qa4 Qc8 16. Nxg5 c5 17. Qc2 g6 18. d5 Nb4 19. Qe4 Nxd5 20. Qh4 Re8 21.
Qh7+ 1-0

[Event "AUTO-ADV-860"]
[Site "http://www.queenalice.com/game.php?id=381283"]
[Date "2008.4.3"]
[Round "1"]
[White "jvjunqueira"]
[Black "chesplayer"]
[Result "1-0"]
[WhiteElo "1775"]
[BlackElo "1628"]

1. e4 e5 2. Nf3 Nc6 3. Nc3 Nf6 4. Bc4 h6 5. d3 Bb4 6. Bd2 O-O 7. O-O Bxc3 8.
Bxc3 Re8 9. Qd2 d6 10. h3 Nh5 11. Qe3 Qf6 12. d4 exd4 13. Nxd4 Nxd4 14. Bxd4 Qg6
15. a4 Rxe4 16. Bd3 Qxg2+ 17. Kxg2 Rxe3 18. Bxe3 b6 19. Kh2 Bb7 20. Rg1 Kf8 21.
Rae1 Re8 22. Bd2 Rxe1 23. Rxe1 Nf6 24. c4 d5 25. cxd5 Bxd5 26. a5 Be6 27. a6 Ke7
28. Bb5 Kd6 29. Rc1 Nd5 30. Bc4 g5 31. Bxd5 Bxd5 32. f4 f6 33. fxg5 fxg5 34. h4
gxh4 35. Bxh6 Be6 36. Bf4+ Kd5 37. Bxc7 Ke4 38. Bxb6 axb6 39. a7 Bd5 40. Kh3 Bb7
41. Kxh4 b5 42. Rc5 Kd4 43. Rxb5 Bh1 44. Rb8 Kc5 45. b4+ Kd6 46. b5 Kd7 47. b6
Kd6 48. b7 Bxb7 49. Rxb7 1-0

[Event "AUTO-ADV-860"]
[Site "http://www.queenalice.com/game.php?id=381284"]
[Date "2008.4.3"]
[Round "1"]
[White "chesplayer"]
[Black "jvjunqueira"]
[Result "0-1"]
[WhiteElo "1645"]
[BlackElo "1851"]

1. e4 c5 2. Bc4 d6 3. Qf3 e6 4. Nc3 Nf6 5. d3 a6 6. Bg5 Be7 7. O-O-O Nc6 8. Nge2
h6 9. Bxf6 Bxf6 10. Na4 O-O 11. Nf4 Qe8 12. Nh5 Bg5+ 13. Kb1 Nd4 14. Qg3 Qxa4
15. b3 Qa3 16. Qxd6 b5 17. Bxe6 Bxe6 18. Ng3 Bf6 19. c3 Bxb3 20. axb3 Qxb3+ 21.
Ka1 Nc2# 0-1

[Event "AUTO-ADV-860"]
[Site "http://www.queenalice.com/game.php?id=381285"]
[Date "2008.4.3"]
[Round "1"]
[White "jvjunqueira"]
[Black "neijrodrigues"]
[Result "0-1"]
[WhiteElo "1842"]
[BlackElo "2113"]

1. e4 c5 2. Nf3 Nc6 3. Bc4 d6 4. Nc3 e6 5. O-O Be7 6. a3 Nf6 7. d3 O-O 8. h3 a6
9. Bg5 b5 10. Ba2 Bb7 11. Qd2 b4 12. axb4 Nxb4 13. Bb3 Nd7 14. Ne2 Bxg5 15. Nxg5
Qf6 16. d4 h6 17. Nf3 Bxe4 18. Qc3 Bxf3 0-1

[Event "AUTO-ADV-860"]
[Site "http://www.queenalice.com/game.php?id=381286"]
[Date "2008.4.3"]
[Round "1"]
[White "neijrodrigues"]
[Black "jvjunqueira"]
[Result "1-0"]
[WhiteElo "2117"]
[BlackElo "1837"]

1. e4 e5 2. Nf3 Nc6 3. Bb5 Bd6 4. d3 Nf6 5. Bg5 h6 6. Bh4 O-O 7. Nc3 a6 8. Bxc6
dxc6 9. O-O Be6 10. h3 Be7 11. Nxe5 Qd4 12. Nf3 Qa7 13. e5 Nd5 14. Nxd5 Bxh4 15.
Nxc7 Be7 16. Nxa8 Qxa8 17. Qe2 Qd8 18. d4 b5 19. a4 1-0

[Event "AUTO-MASTER-497"]
[Site "http://www.queenalice.com/game.php?id=382360"]
[Date "2008.4.4"]
[Round "1"]
[White "Donidon"]
[Black "jvjunqueira"]
[Result "1-0"]
[WhiteElo "2208"]
[BlackElo "1913"]

1. e4 e5 2. f4 d6 3. Nf3 Nc6 4. Bc4 Nf6 5. Nc3 exf4 6. d4 Qe7 7. Bxf4 d5 8. Nxd5
Qxe4+ 9. Kf2 Kd8 10. Re1 Qf5 11. Nh4 Qg4 12. Bxc7+ 1-0

[Event "AUTO-MASTER-497"]
[Site "http://www.queenalice.com/game.php?id=382361"]
[Date "2008.4.4"]
[Round "1"]
[White "jvjunqueira"]
[Black "Donidon"]
[Result "0-1"]
[WhiteElo "1909"]
[BlackElo "2212"]

1. e4 c5 2. Nf3 d6 3. Nc3 Nf6 4. d3 g6 5. Be2 Bg7 6. O-O O-O 7. Bg5 Nc6 8. Nd5
Nxd5 9. exd5 Nd4 10. Re1 Nxe2+ 11. Qxe2 f6 12. Bd2 Re8 13. h3 e5 14. Be3 b5 15.
a3 Bb7 0-1

[Event "AUTO-MASTER-497"]
[Site "http://www.queenalice.com/game.php?id=382374"]
[Date "2008.4.4"]
[Round "1"]
[White "jvjunqueira"]
[Black "wesoon77"]
[Result "0-1"]
[WhiteElo "1776"]
[BlackElo "2123"]

1. e4 c5 2. Nf3 Nc6 3. Nc3 g6 4. Bc4 Bg7 5. O-O d6 6. Ng5 e6 7. a3 Nge7 8. d3
O-O 9. Bd2 h6 10. Nf3 Nd4 11. Nxd4 cxd4 12. Ne2 d5 13. exd5 Nxd5 14. c3 e5 15.
cxd4 exd4 16. Qb3 Ne7 17. Bb4 a5 18. Bc5 a4 19. Qb4 Nc6 20. Bb6 Qg5 21. Qc5 Qxc5
22. Bxc5 Re8 23. Rfe1 Bg4 24. Nxd4 Nxd4 25. Bxd4 Bxd4 26. Rab1 Kg7 27. h3 Bd7
28. Red1 Bc6 29. Kh1 Re2 30. f3 Rae8 31. Rdc1 Bxb2 32. d4 Bxd4 33. Bxe2 Rxe2 34.
Rb4 Bb2 35. Rd1 Bxa3 36. Rbd4 Bb2 0-1

[Event "AUTO-MASTER-497"]
[Site "http://www.queenalice.com/game.php?id=382375"]
[Date "2008.4.4"]
[Round "1"]
[White "wesoon77"]
[Black "jvjunqueira"]
[Result "1-0"]
[WhiteElo "2121"]
[BlackElo "1778"]

1. d4 d5 2. c4 e6 3. Nc3 Nf6 4. cxd5 Nxd5 5. e4 Nxc3 6. bxc3 Be7 7. Nf3 Nd7 8.
Bc4 O-O 9. O-O Nb6 10. Bd3 h6 11. Be3 Bd7 12. c4 c5 13. d5 exd5 14. cxd5 c4 15.
Bxb6 axb6 16. Bxc4 Ra5 17. h3 Rc5 18. Bb3 Qc8 19. Kh2 Rd8 20. Qe2 Bb5 21. Qe3
Bxf1 22. Rxf1 Re8 23. e5 Bd6 24. Kg1 Qf5 25. e6 Ra5 26. Re1 Bc5 27. exf7+ Qxf7
28. Qxe8+ Qxe8 29. Rxe8+ Kf7 30. Rb8 Bd6 31. Rxb7+ Kf8 32. Rxb6 Bc5 33. Rb7 Bd6
34. g3 1-0

[Event "AUTO-MASTER-497"]
[Site "http://www.queenalice.com/game.php?id=382376"]
[Date "2008.4.4"]
[Round "1"]
[White "jvjunqueira"]
[Black "deep"]
[Result "0-1"]
[WhiteElo "1785"]
[BlackElo "2017"]

1. e4 c5 2. Nf3 d6 3. d4 cxd4 4. Qxd4 Nc6 5. Qd3 Nf6 6. Be2 Qc7 7. Bd2 e6 8. Nc3
a6 9. a3 Be7 10. h3 O-O 11. O-O b5 12. Be3 Bb7 13. Rad1 Rad8 14. Nd4 Ne5 15. Qd2
Nxe4 16. Nxe4 Bxe4 17. Bg5 Bxg5 18. Qxg5 h6 19. Qg3 Rc8 20. c3 d5 21. Nf3 Nxf3+
22. Bxf3 Qxg3 23. fxg3 Bg6 24. Bg4 a5 25. Rc1 Rc7 0-1